000
00316nam a22001337a 4500
008
181205b xxu||||| |||| 00| 0 eng d
020
_a
9780321205667
041
_a
eng
080
_2
7th
_a
510
100
_a
41
101
_a
ARK
245
_a
A Survey of Mathematics with Applications
_c
Angel,A.R
942
_2
udc
_c
BK
999
_c
52883
_d
52883